000 00548nam a2200181Ia 4500
005 20260429112233.0
008 260429s9999||||xx |||||||||||||| ||und||
020 _a9788178540894
041 _aHindi
082 _a301.20954
_bTAN
100 _aटंडन, किरण
245 0 _aभारतीय संस्कृति /
_cकिरण टंडन
250 _arev.
260 _aदिल्ली :
_bईस्टर्न बुक लिंकर,
_c2017.
300 _a532 p.; Hb
650 _aIndian Culture
942 _cTB
999 _c53055
_d53055